[Event "Titled Tuesday intern op 30th Apr Late"]
[Site "Chess.com INT"]
[Date "2024.04.30"]
[Round "5"]
[White "Jelcic, Marko"]
[Black "Malan, Lucia"]
[Result "1-0"]
[WhiteElo "2182"]
[BlackElo "1835"]
[PlyCount "115"]
[EventDate "2024.04.30"]
[EventType "swiss (blitz)"]
[EventRounds "11"]
[EventCountry "USA"]
[SourceTitle "EXT 2025"]
[Source "ChessBase"]
[SourceDate "2024.10.14"]
[SourceVersion "1"]
[SourceVersionDate "2024.10.14"]
[SourceQuality "1"]

1. d4 d5 2. c4 e6 3. Nc3 Nf6 4. Nf3 c5 5. dxc5 Bxc5 6. e3 0-0 7. a3 Nc6 8. Bd3 d4 9. exd4 Nxd4 10. 0-0 b6 11. b4 Nxf3+ 12. Qxf3 Bxb4 13. axb4 Bd7 14. Bg5 h6 15. Bxf6 Qxf6 16. Qxf6 gxf6 17. Rfd1 a5 18. bxa5 bxa5 19. Be4 Ra7 20. Nb5 Bxb5 21. cxb5 Rb8 22. Bc6 a4 23. g3 a3 24. Rd3 a2 25. Rd2 Ra5 26. Rdxa2 Raxb5 27. Bxb5 Rxb5 28. Ra8+ Kg7 29. Kg2 f5 30. R1a3 Rb4 31. R8a4 Rb5 32. h4 Rb7 33. Ra7 Rb8 34. Re7 Rc8 35. Raa7 Rf8 36. Rxe6 h5 37. Re5 Kf6 38. Raa5 Kg6 39. Rxf5 Rh8 40. Rxh5 Rxh5 41. Rxh5 Kxh5 42. f3 f5 43. Kh3 Kg6 44. g4 fxg4+ 45. fxg4 Kh6 46. Kg3 Kg6 47. Kf4 Kh6 48. h5 Kg7 49. Kf5 Kh7 50. g5 Kg7 51. h6+ Kh7 52. Kf6 Kh8 53. g6 Kg8 54. g7 Kh7 55. Kf7 Kxh6 56. g8Q Kh5 57. Qg3 Kh6 58. Qg6# 1-0

[Event "Titled Tuesday intern op 30th Apr Late"]
[Site "Chess.com INT"]
[Date "2024.04.30"]
[Round "10"]
[White "Lutz, Igor Oscar"]
[Black "Malan, Lucia"]
[Result "0-1"]
[WhiteElo "1971"]
[BlackElo "1835"]
[PlyCount "140"]
[EventDate "2024.04.30"]
[EventType "swiss (blitz)"]
[EventRounds "11"]
[EventCountry "USA"]
[SourceTitle "EXT 2025"]
[Source "ChessBase"]
[SourceDate "2024.10.14"]
[SourceVersion "1"]
[SourceVersionDate "2024.10.14"]
[SourceQuality "1"]

1. d4 d5 2. c4 e6 3. Nf3 Nf6 4. Qc2 c5 5. cxd5 exd5 6. dxc5 Qa5+ 7. Bd2 Qxc5 8. Qxc5 Bxc5 9. Nc3 0-0 10. e3 h6 11. Be2 Be6 12. 0-0 Nc6 13. Rac1 Bb6 14. Na4 Bc7 15. Nc5 Bc8 16. Bb5 Ne5 17. Nxe5 Bxe5 18. Bc3 Bxc3 19. Rxc3 b6 20. Na6 Ne4 21. Rc7 Bxa6 22. Bxa6 Nc5 23. Bb5 Rfc8 24. Rxc8+ Rxc8 25. Rc1 Rc7 26. b4 Ne6 27. Rxc7 Nxc7 28. Bc6 Kf8 29. Kf1 Ke7 30. Ke2 Kd6 31. Ba4 f6 32. Kd3 Ke5 33. Bb3 Na6 34. a3 Nc7 35. f3 Nb5 36. a4 Nc7 37. a5 Na6 38. axb6 axb6 39. Kc3 Nc7 40. Ba4 g5 41. Bd7 Kd6 42. Bc8 Nb5+ 43. Kd3 Nc7 44. Bb7 Ne6 45. g3 Nd8 46. Ba6 Nc6 47. b5 Ne7 48. g4 Kc5 49. f4 Ng8 50. fxg5 fxg5 51. e4 dxe4+ 52. Kxe4 Nf6+ 53. Kf5 Nd5 54. h3 Nf4 55. Kf6 Nxh3 56. Kg6 Nf2 57. Kxh6 Nxg4+ 58. Kxg5 Ne3 59. Kf6 Nc2 60. Ke5 Na3 61. Ke6 Nxb5 62. Bxb5 Kxb5 63. Ke5 Ka4 64. Kd4 b5 65. Kc3 Ka3 66. Kc2 Ka2 67. Kc3 Ka3 68. Kc2 b4 69. Kb1 Kb3 70. Kc1 Ka2 0-1

[Event "Titled Tuesday intern op 30th Apr Early"]
[Site "Chess.com INT"]
[Date "2024.04.30"]
[Round "5"]
[White "Malan, Lucia"]
[Black "Mesquita, Eduardo Barbosa"]
[Result "1/2-1/2"]
[WhiteElo "1835"]
[BlackElo "1969"]
[PlyCount "157"]
[EventDate "2024.04.30"]
[EventType "swiss (blitz)"]
[EventRounds "11"]
[EventCountry "USA"]
[SourceTitle "CBM 220 Extra"]
[Source "ChessBase"]
[SourceDate "2024.07.31"]
[SourceVersion "1"]
[SourceVersionDate "2024.07.31"]
[SourceQuality "1"]

1. d4 d5 2. c4 e6 3. Nc3 Nf6 4. Nf3 a6 5. e3 dxc4 6. Bxc4 b5 7. Be2 Bb7 8. 0-0 c5 9. dxc5 Qxd1 10. Rxd1 Bxc5 11. Nd2 0-0 12. Bf3 Nc6 13. Nde4 Be7 14. Nxf6+ Bxf6 15. Ne4 Be5 16. Nc5 Rfd8 17. Nxb7 Rxd1+ 18. Bxd1 Rb8 19. Nc5 Nb4 20. a3 Nd5 21. e4 Nf6 22. Bf3 h6 23. Rb1 b4 24. a4 Rb6 25. Be3 Rc6 26. Nd3 Bb8 27. e5 Nd5 28. Bxd5 exd5 29. Nxb4 Re6 30. Nxd5 Bxe5 31. b4 Rd6 32. Nf4 g5 33. Ne2 f5 34. Bc5 Rd2 35. Ng3 f4 36. Ne4 Re2 37. f3 g4 38. b5 gxf3 39. gxf3 axb5 40. axb5 Kf7 41. b6 Ke6 42. b7 Bb8 43. Bf8 Ba7+ 44. Kh1 Bb8 45. Nc5+ Kd5 46. Na6 Be5 47. b8Q Bxb8 48. Rxb8 Kd4 49. Rd8+ Kc3 50. Kg1 Ra2 51. Nc5 h5 52. Ne4+ Kc4 53. Rd1 h4 54. Bh6 Ra3 55. Kg2 Ra2+ 56. Kh3 Ra3 57. Kg4 Ra2 58. h3 Rg2+ 59. Kxh4 Rg8 60. Bxf4 Kb3 61. Bg5 Kc2 62. Rd2+ Kb3 63. f4 Re8 64. Nf6 Rh8+ 65. Kg4 Kc3 66. Rd7 Kc4 67. h4 Kc5 68. h5 Kc6 69. Rd1 Rd8 70. Ne4 Rxd1 71. h6 Rh1 72. Kf5 Kd7 73. Nf6+ Ke7 74. Kg6 Kf8 75. f5 Rh3 76. Nh7+ Kg8 77. Nf6+ Kh8 78. Bf4 Rxh6+ 79. Kxh6 1/2-1/2

[Event "Olympiad Women-44"]
[Site "Chennai"]
[Date "2022.07.31"]
[Round "3.3"]
[White "Malan, Lucia"]
[Black "Abdul Rasheed, Mariyam Laisa"]
[Result "1-0"]
[WhiteElo "1741"]
[BlackElo "1145"]
[PlyCount "43"]
[EventDate "2022.07.29"]
[EventType "team-swiss"]
[EventRounds "11"]
[EventCountry "IND"]
[SourceTitle "CBM 210"]
[Source "ChessBase"]
[SourceDate "2022.10.31"]
[SourceVersion "1"]
[SourceVersionDate "2022.10.31"]
[SourceQuality "1"]
[WhiteTeam "Uruguay (W)"]
[BlackTeam "Maldives (W)"]
[WhiteTeamCountry "URU"]
[BlackTeamCountry "MDV"]

1. e4 c5 2. Nf3 d6 3. d4 cxd4 4. Nxd4 Nf6 5. Nc3 g6 6. Be3 Bg7 7. f3 Nc6 8. Qd2 Bd7 9. 0-0-0 0-0 10. g4 Rc8 11. h4 a6 12. h5 Ne5 13. Bh6 Nc4 14. Bxc4 Rxc4 15. Bxg7 Kxg7 16. hxg6 fxg6 17. Qh6+ Kf7 18. g5 Ne8 19. Qxh7+ Ng7 20. Rh6 e5 21. Qxg6+ Kg8 22. Rdh1 1-0

[Event "Online Olym Div2 D"]
[Site "Chess.com INT"]
[Date "2021.09.02"]
[Round "2.5"]
[White "Urh, Zala"]
[Black "Malan, Lucia"]
[Result "1-0"]
[WhiteElo "2234"]
[BlackElo "1741"]
[PlyCount "153"]
[EventDate "2021.09.02"]
[EventType "team (rapid)"]
[EventRounds "9"]
[EventCountry "USA"]
[SourceTitle "CBM 204 Extra"]
[Source "ChessBase"]
[SourceDate "2021.11.30"]
[SourceVersion "1"]
[SourceVersionDate "2021.11.30"]
[SourceQuality "1"]
[WhiteTeam "Slovenia"]
[BlackTeam "Uruguay"]
[WhiteTeamCountry "SLO"]
[BlackTeamCountry "URU"]

1. d4 d5 2. Nf3 Nf6 3. Bf4 Bf5 4. c4 c6 5. Nc3 e6 6. Qb3 Qb6 7. c5 Qxb3 8. axb3 Nbd7 9. b4 Be7 10. b5 0-0 11. h3 Ne4 12. e3 f6 13. Be2 e5 14. Bh2 Rfc8 15. 0-0 b6 16. bxc6 Nxc3 17. bxc3 Rxc6 18. Bb5 Rcc8 19. c6 Nb8 20. dxe5 Nxc6 21. Ba6 Rcb8 22. exf6 Bxf6 23. Bxb8 Rxb8 24. Nd4 Bd7 25. Bb5 Nxd4 26. Bxd7 Ne2+ 27. Kh1 a5 28. Be6+ Kf8 29. Bxd5 Nxc3 30. Bb3 Ne4 31. Rad1 b5 32. Bc2 Ng5 33. f4 Ne6 34. e4 Bc3 35. f5 Nd4 36. Bd3 a4 37. e5 a3 38. Rc1 b4 39. Bc4 Rc8 40. Bd5 b3 41. f6 Ne2 42. fxg7+ Kxg7 43. Rf7+ Kg6 44. Rd1 a2 45. Rf6+ Kg7 46. Rf7+ Kg6 47. Rf6+ Kg5 48. Be6 Rb8 49. Rf5+ Kg6 50. Rf6+ Kg7 51. Rf7+ Kh8 52. Bxb3 a1Q 53. Rxa1 Bxa1 54. Bc2 Bxe5 55. Rxh7+ Kg8 56. Re7 Rb5 57. Bd3 Ng3+ 58. Kg1 Rd5 59. Bc4 Bd4+ 60. Kh2 Nf1+ 61. Bxf1 Rf5 62. Bc4+ Kf8 63. Re4 Be5+ 64. Kg1 Bg3 65. Re2 Rc5 66. Rc2 Ke7 67. Kf1 Kf6 68. Ke2 Ke5 69. Kf3 Bh4 70. Kg4 Be7 71. h4 Kd4 72. Bb3 Rb5 73. Be6 Ke5 74. Bc4 Rc5 75. g3 Kd4 76. Bb3 Rb5 77. Ba4 1-0

[Event "Online Olym Div3 D"]
[Site "Chess.com INT"]
[Date "2020.08.07"]
[Round "1.5"]
[White "Malan, Lucia"]
[Black "Monroy Garzon, Nataly Alejandra"]
[Result "0-1"]
[WhiteElo "1741"]
[BlackElo "1957"]
[PlyCount "118"]
[EventDate "2020.08.07"]
[EventType "team-tourn (rapid)"]
[EventRounds "9"]
[EventCountry "USA"]
[SourceTitle "CBM 198"]
[Source "ChessBase"]
[SourceDate "2020.10.31"]
[SourceVersion "1"]
[SourceVersionDate "2020.10.31"]
[SourceQuality "1"]
[WhiteTeam "Uruguay"]
[BlackTeam "Bolivia"]
[WhiteTeamCountry "URU"]
[BlackTeamCountry "BOL"]

1. e4 c5 2. Nf3 Nc6 3. d4 cxd4 4. Nxd4 g6 5. Nc3 Bg7 6. Nb3 Nf6 7. g4 d6 8. g5 Nd7 9. h4 a5 10. a4 Nde5 11. Be2 Be6 12. Be3 Nc4 13. Bxc4 Bxc4 14. Qd2 Ne5 15. Nd4 Ba6 16. 0-0-0 Nc4 17. Qe1 Rc8 18. h5 Qb6 19. b3 Nxe3 20. fxe3 Qc5 21. Kb2 Qxg5 22. hxg6 hxg6 23. Rxh8+ Bxh8 24. Qh1 Bf6 25. Nd5 e6 26. Qh3 Be2 27. Nxf6+ Qxf6 28. Rd2 Ba6 29. Rh2 Ke7 30. c3 Bd3 31. Qg3 Bxe4 32. Rf2 Qe5 33. Qh4+ g5 34. Qh5 Bg6 35. Qf3 Rh8 36. Qxb7+ Kf8 37. Qa8+ Kg7 38. Qf3 Rh2 39. Nc6 Rxf2+ 40. Qxf2 Qe4 41. Nxa5 Qb1+ 42. Ka3 Qa1+ 43. Kb4 Qd1 44. Nc4 Qd5 45. e4 Qc5+ 46. Qxc5 dxc5+ 47. Kxc5 Bxe4 48. Nd6 Bf3 49. b4 g4 50. Kd4 g3 51. Ke3 g2 52. Kf2 e5 53. Nf5+ Kf6 54. Ne3 Ke6 55. Nxg2 Bd5 56. Ne3 Bb7 57. c4 f5 58. b5 f4 59. Nc2 e4 0-1

[Event "South America-ch U18 16th"]
[Site "Buenos Aires"]
[Date "2019.12.01"]
[Round "1.8"]
[White "Malan, Lucia"]
[Black "Aguero Arce, Matias"]
[Result "0-1"]
[WhiteElo "1860"]
[BlackElo "2205"]
[PlyCount "68"]
[EventDate "2019.12.01"]
[EventType "swiss"]
[EventRounds "9"]
[EventCountry "ARG"]
[SourceTitle "EXT 2024"]
[Source "ChessBase"]
[SourceDate "2023.10.10"]
[SourceVersion "1"]
[SourceVersionDate "2023.10.10"]
[SourceQuality "1"]

1. e4 c5 2. Nf3 e6 3. d4 cxd4 4. Nxd4 a6 5. Be2 Qc7 6. Nc3 b5 7. 0-0 Bb7 8. Bf3 d6 9. Be3 Nf6 10. a3 Nbd7 11. Nb3 Be7 12. g3 Ne5 13. Bg2 0-0 14. Qe2 Nc4 15. Bc1 Rac8 16. f4 Nd7 17. Kh1 Bf6 18. Rf3 Rfd8 19. Nd2 Ndb6 20. Nxc4 Nxc4 21. Rd3 Qa5 22. b4 Qb6 23. Bd2 Nxd2 24. Qxd2 Qc7 25. e5 dxe5 26. Ne4 Bxe4 27. Bxe4 exf4 28. Rg1 Rxd3 29. Qxd3 g6 30. gxf4 Qxf4 31. Rf1 Qh4 32. Qf3 Kg7 33. Rd1 Rc3 34. Qe2 Rxa3 0-1

[Event "Nueva Helvecia Colonia Cup"]
[Site "Nueva Helvecia"]
[Date "2019.09.28"]
[Round "1"]
[White "Malan, Lucia"]
[Black "Roselli, Federico"]
[Result "1-0"]
[WhiteElo "1860"]
[BlackElo "1088"]
[PlyCount "55"]
[EventDate "2019.09.28"]
[EventType "swiss"]
[EventRounds "5"]
[EventCountry "URU"]
[SourceTitle "EXT 2020"]
[Source "ChessBase"]
[SourceDate "2019.10.17"]
[SourceVersion "1"]
[SourceVersionDate "2019.10.17"]
[SourceQuality "1"]

1. e4 e5 2. Nf3 Nc6 3. Bb5 a6 4. Ba4 Nf6 5. 0-0 Bc5 6. c3 d6 7. d4 Ba7 8. Bxc6+ bxc6 9. dxe5 dxe5 10. Qxd8+ Kxd8 11. Nxe5 Ke7 12. Nxc6+ Kf8 13. Nxa7 Rxa7 14. f3 g6 15. Bh6+ Ke7 16. Nd2 Rd8 17. Rad1 Be6 18. Nb3 c6 19. Rxd8 Kxd8 20. Bg5 Ke7 21. e5 Bxb3 22. axb3 Rb7 23. b4 c5 24. Bxf6+ Ke6 25. bxc5 Rxb2 26. Rd1 a5 27. g4 Rc2 28. Rd6# 1-0

[Event "Punta del Este Interdepartamental"]
[Site "Punta del Este"]
[Date "2019.08.23"]
[Round "1.4"]
[White "Malan, Lucia"]
[Black "Blanco, Rudemar Ernesto"]
[Result "1-0"]
[WhiteElo "1831"]
[BlackElo "1516"]
[PlyCount "63"]
[EventDate "2019.08.23"]
[EventType "team-swiss"]
[EventRounds "5"]
[EventCountry "URU"]
[SourceTitle "EXT 2020"]
[Source "ChessBase"]
[SourceDate "2019.10.17"]
[SourceVersion "1"]
[SourceVersionDate "2019.10.17"]
[SourceQuality "1"]
[WhiteTeam "Montevideo CBR"]
[BlackTeam "Canelones Pando"]
[WhiteTeamCountry "URU"]
[BlackTeamCountry "URU"]

1. e4 d6 2. d4 Nf6 3. Nc3 Nbd7 4. Bc4 e5 5. Nf3 Be7 6. 0-0 h6 7. Re1 c6 8. a4 Qc7 9. Qe2 g5 10. Bb3 Nf8 11. Qc4 Be6 12. d5 Bd7 13. dxc6 Be6 14. cxb7 Qxb7 15. Qb5+ Qxb5 16. Nxb5 Kd7 17. Be3 a6 18. Nc3 Bxb3 19. cxb3 Rb8 20. Nd2 Ne6 21. Red1 Rhd8 22. Nc4 Ke8 23. Bb6 Rd7 24. a5 Nd4 25. Bxd4 exd4 26. Rxd4 Kf8 27. Nb6 Rdd8 28. Rad1 Kg8 29. b4 Nd7 30. Ncd5 Bf8 31. Nxd7 Rxd7 32. Nf6+ 1-0

[Event "South America-ch U20 Girls"]
[Site "Asuncion"]
[Date "2019.05.14"]
[Round "6"]
[White "Puppi Lazo, Stephanie Beatriz"]
[Black "Malan, Lucia"]
[Result "1-0"]
[WhiteElo "1955"]
[BlackElo "1880"]
[PlyCount "91"]
[EventDate "2019.05.11"]
[EventType "swiss"]
[EventRounds "9"]
[EventCountry "PAR"]
[SourceTitle "CBM 190 Extra"]
[Source "ChessBase"]
[SourceDate "2019.07.15"]
[SourceVersion "1"]
[SourceVersionDate "2019.07.15"]
[SourceQuality "1"]

1. e4 e5 2. Nf3 Nf6 3. Nxe5 d6 4. Nf3 Nxe4 5. Nc3 Nxc3 6. dxc3 Be7 7. Be3 Nc6 8. Bd3 Be6 9. Qe2 Qd7 10. 0-0-0 a6 11. Kb1 0-0-0 12. Bxa6 Na5 13. Bb5 c6 14. Bb6 cxb5 15. Bxa5 Bc4 16. Qe3 Kb8 17. Ne5 Bxa2+ 18. Kxa2 Qe6+ 19. Kb1 dxe5 20. Bxd8 Rxd8 21. Rxd8+ Bxd8 22. Qd3 Bb6 23. Qxb5 Bxf2 24. Rd1 e4 25. Rd8+ Kc7 26. Re8 Qd7 27. Qa5+ Kc6 28. Qa4+ Kc7 29. Qc4+ Kb6 30. Qxe4 Qd1+ 31. Ka2 Qf1 32. Qb4+ Ka7 33. Qa5+ Qa6 34. Qxa6+ Kxa6 35. Re7 Bh4 36. Rxf7 Bf6 37. Kb3 Kb6 38. Rxf6+ gxf6 39. Kc4 Kc6 40. b4 h5 41. b5+ Kb6 42. Kb4 h4 43. c4 f5 44. c5+ Kc7 45. h3 f4 46. Kc4 1-0

[Event "South America-ch U20 Girls"]
[Site "Asuncion"]
[Date "2019.05.12"]
[Round "2"]
[White "Gomez Barrera, Javiera Belen"]
[Black "Malan, Lucia"]
[Result "1-0"]
[WhiteElo "2092"]
[BlackElo "1880"]
[PlyCount "53"]
[EventDate "2019.05.11"]
[EventType "swiss"]
[EventRounds "9"]
[EventCountry "PAR"]
[SourceTitle "CBM 190 Extra"]
[Source "ChessBase"]
[SourceDate "2019.07.15"]
[SourceVersion "1"]
[SourceVersionDate "2019.07.15"]
[SourceQuality "1"]

1. e4 e5 2. Nf3 Nf6 3. Nxe5 d6 4. Nf3 Nxe4 5. d4 Be7 6. Bd3 d5 7. 0-0 Bf5 8. Ne5 Nd7 9. Bf4 0-0 10. Re1 Nxe5 11. Bxe5 Qd7 12. c4 c6 13. Qe2 Bd6 14. f3 Bxe5 15. dxe5 Nc5 16. Bxf5 Qxf5 17. cxd5 cxd5 18. Rd1 Rad8 19. Nc3 d4 20. Nb5 Rfe8 21. Nxd4 Qg5 22. Nb3 Nxb3 23. axb3 Kf8 24. Ra5 Rxd1+ 25. Qxd1 Rxe5 26. Qd6+ Qe7 27. Qxe5 1-0

[Event "Montevideo zt 2.5 (Women)"]
[Site "Montevideo"]
[Date "2019.04.18"]
[Round "8"]
[White "Fernandez, Maria Florencia"]
[Black "Malan, Lucia"]
[Result "1-0"]
[WhiteElo "2227"]
[BlackElo "1877"]
[PlyCount "89"]
[EventDate "2019.04.13"]
[EventType "swiss"]
[EventRounds "9"]
[EventCountry "URU"]
[SourceTitle "CBM 189 Extra"]
[Source "ChessBase"]
[SourceDate "2019.05.31"]
[SourceVersion "1"]
[SourceVersionDate "2019.05.31"]
[SourceQuality "1"]

1. d4 d5 2. c4 c6 3. Nc3 Nf6 4. Nf3 dxc4 5. a4 Bf5 6. e3 e6 7. Bxc4 Bb4 8. 0-0 0-0 9. Qe2 Bg6 10. Ne5 Nbd7 11. Nxg6 hxg6 12. Rd1 Qe7 13. e4 e5 14. d5 Nb6 15. Bb3 Rfd8 16. a5 Nbd7 17. Bg5 Rac8 18. a6 Nc5 19. axb7 Qxb7 20. dxc6 Qxc6 21. Rxd8+ Rxd8 22. Qc4 Qe6 23. Nd5 Nxb3 24. Qxb3 Bc5 25. Qf3 Rb8 26. Bxf6 gxf6 27. b4 Bxb4 28. Rxa7 Bc5 29. Ra1 Kg7 30. Rc1 Rb2 31. Rf1 Qa6 32. h4 Ra2 33. h5 Ra3 34. Qd1 Bd4 35. Nb4 Qc4 36. Nc2 Rd3 37. Qe2 Bc5 38. hxg6 fxg6 39. Rb1 Rc3 40. Rb7+ Kg8 41. Qg4 Bxf2+ 42. Kxf2 Rxc2+ 43. Kg1 Qd4+ 44. Kh2 Kf8 45. Qxg6 1-0

[Event "URU-ch (Women)"]
[Site "Punta del Este"]
[Date "2019.03.29"]
[Round "2"]
[White "De San Vicente, Sabrina"]
[Black "Malan, Lucia"]
[Result "1/2-1/2"]
[WhiteElo "1691"]
[BlackElo "1885"]
[PlyCount "171"]
[EventDate "2019.03.29"]
[EventType "swiss"]
[EventRounds "6"]
[EventCountry "URU"]
[SourceTitle "EXT 2021"]
[Source "ChessBase"]
[SourceDate "2020.10.23"]
[SourceVersion "1"]
[SourceVersionDate "2020.10.23"]
[SourceQuality "1"]

1. d4 d5 2. c4 e6 3. cxd5 exd5 4. Nc3 Nf6 5. Bg5 Be7 6. e3 0-0 7. Bd3 c5 8. dxc5 Nbd7 9. Nge2 Nxc5 10. Bc2 Be6 11. 0-0 h6 12. Bh4 Qd7 13. Nd4 Rfd8 14. Rc1 Nfe4 15. Nxe4 dxe4 16. Bxe7 Qxe7 17. b4 Nd3 18. Bxd3 exd3 19. a3 a5 20. Qxd3 axb4 21. axb4 Qxb4 22. Qb1 Qxb1 23. Rxb1 Bd5 24. Rb6 Ra2 25. Rc1 Rda8 26. h3 Rd2 27. Rc2 Rxc2 28. Nxc2 Ra6 29. Rb4 Kf8 30. f3 Bc6 31. Nd4 Ra4 32. Rb6 Rc4 33. Nf5 Ra4 34. Nd6 Ra6 35. Rb4 Bxf3 36. Nxb7 Bd5 37. Nc5 Ra2 38. Ne4 Rc2 39. Rd4 Bc6 40. Nf2 Re2 41. e4 Ke7 42. Kf1 Bb5 43. Kg1 Ke6 44. Rd8 Re1+ 45. Kh2 Bc6 46. Rg8 g6 47. Nd3 Re3 48. Nf4+ Ke5 49. Nd5 Bxd5 50. exd5 Kxd5 51. Rd8+ Ke4 52. Ra8 Kf5 53. Ra7 f6 54. Ra5+ Re5 55. Ra3 g5 56. Kg3 Re4 57. Ra5+ Kg6 58. Kf3 Rf4+ 59. Kg3 h5 60. Rb5 h4+ 61. Kh2 Re4 62. Ra5 Re5 63. Ra4 Kf5 64. Rb4 Re4 65. Rb3 Ke5 66. Ra3 f5 67. Ra5+ Kf4 68. Ra3 g4 69. hxg4 fxg4 70. Ra1 Ke3 71. Kg1 g3 72. Ra3+ Kf4 73. Ra1 Rd4 74. Rb1 Ke3 75. Re1+ Kd2 76. Ra1 Ke2 77. Rb1 Rd1+ 78. Rxd1 Kxd1 79. Kf1 Kd2 80. Kg1 Ke1 81. Kh1 Ke2 82. Kg1 Ke3 83. Kf1 Kf4 84. Kg1 Kg4 85. Kh1 h3 86. Kg1 1/2-1/2

[Event "URU-ch sf"]
[Site "Montevideo"]
[Date "2019.03.01"]
[Round "1"]
[White "Malan, Lucia"]
[Black "Larrea, Manuel"]
[Result "1/2-1/2"]
[WhiteElo "1885"]
[BlackElo "2264"]
[PlyCount "89"]
[EventDate "2019.03.01"]
[EventType "swiss"]
[EventRounds "8"]
[EventCountry "URU"]
[SourceTitle "CBM 189 Extra"]
[Source "ChessBase"]
[SourceDate "2019.05.31"]
[SourceVersion "1"]
[SourceVersionDate "2019.05.31"]
[SourceQuality "1"]

1. e4 c5 2. Nf3 Nc6 3. Bb5 g6 4. Bxc6 dxc6 5. d3 Bg7 6. 0-0 Nf6 7. h3 0-0 8. Re1 b6 9. Nc3 Ne8 10. Bf4 Nc7 11. Qd2 Ne6 12. Bh6 Nd4 13. Nxd4 cxd4 14. Ne2 c5 15. Bxg7 Kxg7 16. f4 f6 17. Ng3 Qc7 18. e5 f5 19. Nf1 Bb7 20. Nh2 e6 21. Qf2 Rad8 22. Nf3 h6 23. Nd2 b5 24. a4 a6 25. Nb3 Bd5 26. axb5 axb5 27. Ra6 Ra8 28. Rea1 Rxa6 29. Rxa6 Kh7 30. Qe1 Rg8 31. Qa5 Qxa5 32. Rxa5 g5 33. Nxc5 gxf4 34. Ra7+ Kh8 35. Nd7 Rxg2+ 36. Kf1 Rg7 37. Rc7 Bg2+ 38. Kf2 Bxh3 39. Rc8+ Rg8 40. Nf8 Bg4 41. Ng6+ Kg7 42. Rxg8+ Kxg8 43. Ne7+ Kf7 44. Nc6 Bd1 45. Nxd4 1/2-1/2

[Event "Olympiad Women-43"]
[Site "Batumi"]
[Date "2018.10.05"]
[Round "11.3"]
[White "Davidsdottir, Nansy"]
[Black "Malan, Lucia"]
[Result "1/2-1/2"]
[WhiteElo "1945"]
[BlackElo "1785"]
[PlyCount "64"]
[EventDate "2018.09.24"]
[EventType "team-swiss"]
[EventRounds "11"]
[EventCountry "GEO"]
[SourceTitle "EXT 2020"]
[Source "ChessBase"]
[SourceDate "2019.10.17"]
[SourceVersion "1"]
[SourceVersionDate "2019.10.17"]
[SourceQuality "1"]
[WhiteTeam "Iceland (W)"]
[BlackTeam "Uruguay (W)"]
[WhiteTeamCountry "ISL"]
[BlackTeamCountry "URU"]

1. e4 c5 2. Nf3 d6 3. d4 cxd4 4. Nxd4 Nf6 5. Nc3 g6 6. Be3 Bg7 7. f3 Nc6 8. Qd2 0-0 9. 0-0-0 d5 10. exd5 Nxd5 11. Nxc6 bxc6 12. Bd4 Nxc3 13. Qxc3 Bxd4 14. Rxd4 Qb6 15. Bc4 Ba6 16. h4 Rad8 17. Rhd1 Bxc4 18. Qxc4 e5 19. Rxd8 Rxd8 20. Rxd8+ Qxd8 21. Qb4 Kg7 22. Qe4 Qa5 23. Qe3 f6 24. a3 Qa6 25. Kd2 Qa4 26. g3 Qa5+ 27. Qc3 Qb6 28. Qe3 Qxe3+ 29. Kxe3 f5 30. Kd3 Kf6 31. b4 Ke6 32. a4 Kd6 1/2-1/2